000 01042naa a22002897a 4500
001 BR7703571
003 BR-BrBNA
005 20250714141739.0
007 ta
008 250630b bl.|||m| |||| 00| 0 por d
040 _aBR-BrBNA
_bpor
_cBiblioteca Nacional de Agricultura
041 _a(Pt)
072 _aN20; P10
_b4630
090 _aN20 BR7703571
100 1 _aSemeghini, U.C.
245 1 _aSistema integrado de cloracao automatica [Equipamento rural; Tratamento da agua]
500 _aDesinfeccao de aguas de abastecimento. v. 2 - Sistemas de cloracao Rio de Janeiro, RJ (Brasil): 1977. p. 89-99 (BR7703571-AMS)
773 0 _tDesinfeccao de aguas de abastecimento. v. 2 - Sistemas de cloracao
_wN20 BR7703571
_gRio de Janeiro, RJ (Brasil), 1977. p. 89-99
650 _aEquipamento rural
650 _aRecurso hidrico
650 _aAgua
650 _aTratamento da agua
650 _aCloro
490 _aCadernos FEEMA. Serie Didatica (Brazil)
_vno. 45/76
942 _cAMS
_2AGRIS
909 _a202506
_bLúcia
_c55
_dLúcia Elande
999 _c333016
_d333016